000 00543cam a22001934a 4500
005 20250605164307.0
008 250528s ||||||||||||||||||||||||d
035 _a22310
020 _a9789609360296
040 _aGR-AtMCL
_bgre
_dGR-AtMCL
_eAACR2
245 1 _aΔιοίκηση Εστιατορίων
260 _bΑθήνα,
_c2014
300 _a574
700 1 _aΛαλούμης Δημήτριος
_94163
700 1 _aΣτεφανακιδης Κωνσταντινος
_94172
942 _cBK
999 _c7364
_d7364